| 000 | 00767nam a2200241 a 4500 | ||
|---|---|---|---|
| 999 |
_c1878 _d1878 |
||
| 001 | 9570 | ||
| 003 | BD-DhUAP | ||
| 005 | 20210127094048.0 | ||
| 008 | 200216s1993 bg b 00| 0 eng d | ||
| 040 |
_aBD-DhUAP _cBD-DhUAP _bEng _dBD-DhUAP |
||
| 082 | 0 | 0 |
_223 _a348.5492046 BAN |
| 245 |
_aBangladesh legal decisions / _cedited by Kazi Ebadul Hoque and Shahabuddin Ahmad. |
||
| 260 |
_aDhaka : _bBangladesh bar council, _cc1988. |
||
| 300 |
_avolumes ; _c24 cm. |
||
| 504 | _aIncludes bibliographical references. | ||
| 505 | _aV. 8-- | ||
| 650 |
_aLaw reports, digests, etc _zBangladesh. |
||
| 700 | _aHoque, Kazi Ebadul | ||
| 700 | _aAhmad, Shahabuddin | ||
| 710 | _aBangladesh Bar Council | ||
| 942 | 0 | 0 |
_01 _2ddc _cBK |